[Event "Banff op"]
[Site "Banff"]
[Date "2023.11.11"]
[Round "3"]
[White "Harms, Reece"]
[Black "Radic, Dejan"]
[Result "1-0"]
[WhiteElo "1641"]
[BlackElo "1520"]
[PlyCount "35"]
[EventDate "2023.11.10"]
[EventType "swiss"]
[EventRounds "6"]
[EventCountry "CAN"]
[SourceTitle "CB47_2023"]
[SourceDate "2023.11.22"]
[SourceVersion "1"]
[SourceVersionDate "2023.11.22"]
[SourceQuality "1"]

1. e4 c5 2. Nc3 g6 3. d4 cxd4 4. Qxd4 Nf6 5. Be3 Nc6 6. Qd2 Bg7 7. f3 0-0 8. Nge2 d6 9. Bh6 Qa5 10. 0-0-0 Be6 11. Kb1 Rac8 12. h4 Ne5 13. h5 Nc4 14. Qc1 Rc6 15. Bxg7 Kxg7 16. hxg6 Rb6 17. Qh6+ Kg8 18. gxh7+ 1-0

[Event "Victoria Grand Pacific op"]
[Site "Victoria"]
[Date "2023.04.08"]
[Round "2"]
[White "Harms, Reece"]
[Black "Moura, Eduardo Henrique B"]
[Result "0-1"]
[WhiteElo "1596"]
[BlackElo "2102"]
[PlyCount "68"]
[EventDate "2023.04.07"]
[EventType "swiss"]
[EventRounds "6"]
[EventCountry "CAN"]
[SourceTitle "CBM 213 Extra"]
[Source "ChessBase"]
[SourceDate "2023.05.31"]
[SourceVersion "1"]
[SourceVersionDate "2023.05.31"]
[SourceQuality "1"]

1. e4 d6 2. d4 g6 3. Bc4 Bg7 4. Be3 Nf6 5. f3 d5 6. exd5 Nxd5 7. Bf2 0-0 8. Ne2 Nc6 9. c3 Be6 10. Nd2 Bh6 11. 0-0 Ne3 12. Bxe3 Bxe3+ 13. Kh1 Bxd2 14. Bxe6 Bh6 15. Bc4 e5 16. Bb5 exd4 17. Bxc6 d3 18. Bxb7 Rb8 19. Ba6 dxe2 20. Qxe2 Re8 21. Qc2 Qd2 22. Qxd2 Bxd2 23. Rab1 Re7 24. g3 h5 25. Rfd1 Be3 26. Bc4 Kg7 27. Rd3 Bc5 28. b3 h4 29. Rbd1 hxg3 30. hxg3 Rh8+ 31. Kg2 Re2+ 32. Kf1 Rf2+ 33. Kg1 Rxa2+ 34. Kf1 Rh1# 0-1